| 000 | 01537nam a2200421 4500 | ||
|---|---|---|---|
| 999 |
_c24132 _d24132 |
||
| 001 | vtls012264024 | ||
| 005 | 20260107135717.0 | ||
| 008 | 240924s2024 xo gr 000 fdslo | ||
| 020 |
_a9788055194035 _q(viazané) |
||
| 040 |
_aSNK _bslo _cSNK _erda |
||
| 041 | 1 |
_aslo _hswe |
|
| 044 |
_axo _cSK |
||
| 072 | 7 |
_a821.11 _xGermánske literatúry _2konspekt |
|
| 080 |
_a821.113.6-31 _22011 |
||
| 080 |
_a(0:82-312.4) _22011 |
||
| 100 | 1 |
_aHjorth, Michael, _d1963- _4aut _92532 |
|
| 240 | 1 | 0 |
_aSkulden man bär _lSlovensky |
| 245 | 1 | 0 |
_aVina, ktorú nesieš _cMichael Hjorth & Hans Rosenfeldt ; preložili Lenka Kočišová a Zuzana Inczingerová |
| 246 | 1 |
_iObálkový podnázov: _aStaré klamstvá vždy vyplávajú na povrch |
|
| 264 | 1 |
_aBratislava _bIkar _c2024 |
|
| 300 |
_a343 strán _c24 cm |
||
| 336 |
_atext _btxt _2rdacontent |
||
| 337 |
_abez média _bn _2rdamedia |
||
| 338 |
_azväzok _bnc _2rdacarrier |
||
| 500 | _aPreložené zo švédštiny | ||
| 500 | _aObsahuje stručné biografické údaje o autoroch na záložke prebalu publikácie | ||
| 500 | _aNa obálke vzadu uvedené: Severské krimi | ||
| 655 | 7 |
_ašvédske romány _2SNKPH _91715 |
|
| 655 | 7 |
_adetektívne romány _2SNKPH _91710 |
|
| 655 | 7 |
_aSwedish fiction _2SNKPHeng _91716 |
|
| 655 | 7 |
_aDetective novels _2SNKPHeng _91711 |
|
| 700 | 1 |
_aRosenfeldt, Hans, _d1964- _4aut _92533 |
|
| 700 | 1 |
_aKočišová, Lenka _4trl _92535 |
|
| 700 | 1 |
_aInczingerová, Zuzana _4trl _92536 |
|
| 958 | _aLX | ||
| 958 | _aUP | ||